Sewage Treatment Plants (Record no. 65498)
[ view plain ]
| 000 -LEADER | |
|---|---|
| fixed length control field | 01469nam a2200253Ii 4500 |
| 008 - FIXED-LENGTH DATA ELEMENTS--GENERAL INFORMATION | |
| fixed length control field | 221202s xx 000 0 und d |
| 245 #0 - TITLE STATEMENT | |
| Title | Sewage Treatment Plants |
| 246 ## - VARYING FORM OF TITLE | |
| Title proper/short title | Economic Evaluation of Innovative Technologies for Energy Efficiency |
| 264 ## - PRODUCTION, PUBLICATION, DISTRIBUTION, MANUFACTURE, AND COPYRIGHT NOTICE | |
| Name of producer, publisher, distributor, manufacturer | IWA Publishing |
| Date of production, publication, distribution, manufacture, or copyright notice | 2015 |
| 300 ## - PHYSICAL DESCRIPTION | |
| Extent | 1 online resource |
| 336 ## - CONTENT TYPE | |
| Content type term | text |
| Content type code | txt |
| Source | rdacontent |
| 337 ## - MEDIA TYPE | |
| Media type term | computer |
| Media type code | c |
| Source | rdamedia |
| 338 ## - CARRIER TYPE | |
| Carrier type term | online resource |
| Carrier type code | cr |
| Source | rdacarrier |
| 520 ## - SUMMARY, ETC. | |
| Summary, etc. | Sewage Treatment Plants: Economic Evaluation of Innovative Technologies for Energy Efficiency aims to show how cost saving can be achieved in sewage treatment plants through implementation of novel, energy efficient technologies or modification of the conventional, energy demanding treatment facilities towards the concept of energy streamlining. The book brings together knowledge from Engineering, Economics, Utility Management and Practice and helps to provide a better understanding of the real economic value with methodologies and practices about innovative energy technologies and policies in sewage treatment plants. |
| 653 ## - INDEX TERM--UNCONTROLLED | |
| Uncontrolled term | Applied Sciences |
| 653 ## - INDEX TERM--UNCONTROLLED | |
| Uncontrolled term | Environmental |
| 653 ## - INDEX TERM--UNCONTROLLED | |
| Uncontrolled term | General |
| 653 ## - INDEX TERM--UNCONTROLLED | |
| Uncontrolled term | Science |
| 653 ## - INDEX TERM--UNCONTROLLED | |
| Uncontrolled term | Technology & Engineering |
| 700 1# - ADDED ENTRY--PERSONAL NAME | |
| Personal name | Stamatelatou, Katerina |
| 700 1# - ADDED ENTRY--PERSONAL NAME | |
| Personal name | Tsagarakis, Konstantinos P. |
| 856 ## - ELECTRONIC LOCATION AND ACCESS | |
| Uniform Resource Identifier | <a href="https://library.oapen.org/bitstream/20.500.12657/43789/1/external_content.pdfhttps://library.oapen.org/handle/20.500.12657/43789">https://library.oapen.org/bitstream/20.500.12657/43789/1/external_content.pdfhttps://library.oapen.org/handle/20.500.12657/43789</a> |
| 942 ## - ADDED ENTRY ELEMENTS (KOHA) | |
| Koha item type | E-Book |
| Withdrawn status | Damaged status | Not for loan | Home library | Current library | Date acquired | Total Checkouts | Date last seen | Price effective from | Koha item type |
|---|---|---|---|---|---|---|---|---|---|
| Directory of Open Access Books | Directory of Open Access Books | 11/28/2022 | 11/28/2022 | 11/28/2022 | E-Book |